[Event "CCC 2021 GM"]
[Site "Ballerup"]
[Date "2021.08.06"]
[Round "5"]
[White "Blomqvist, Erik"]
[Black "Hector, Jonny"]
[Result "1-0"]
[WhiteElo "2537"]
[BlackElo "2465"]
[PlyCount "61"]
[EventDate "2021.08.04"]
[EventType "tourn"]
[EventRounds "9"]
[EventCountry "DEN"]

1. e4 e5 2. Nf3 Nc6 3. Bb5 a6 4. Ba4 f5 5. d4 exd4 6. e5 b5 7. Bb3 Bb7 8. O-O
Na5 9. Nxd4 c5 10. Nxf5 c4 11. Nc3 Qb6 12. Re1 Qg6 13. Nh4 Qe6 14. Bd2 cxb3 15.
axb3 Nc6 16. Ne4 O-O-O 17. c4 Be7 18. cxb5 axb5 19. Bg5 Kb8 20. Qd3 Bxg5 21.
Nxg5 Qe7 22. Ne4 Qxh4 23. Qxb5 Kc7 24. Ra4 Rb8 25. Rc1 Qxe4 26. Rxe4 Nge7 27.
Qc5 Nc8 28. b4 Ba6 29. e6 Bb5 30. Qe5+ Nd6 31. Rd4 1-0

[Event "CCC 2021 GM"]
[Site "Ballerup"]
[Date "2021.08.06"]
[Round "5"]
[White "Jacobsen, Mikkel Manosri"]
[Black "Antonsen, Mikkel"]
[Result "1/2-1/2"]
[WhiteElo "2309"]
[BlackElo "2407"]
[PlyCount "65"]
[EventDate "2021.08.04"]
[EventType "tourn"]
[EventRounds "9"]
[EventCountry "DEN"]

1. d4 Nf6 2. c4 e6 3. Nf3 d5 4. e3 Be7 5. b3 O-O 6. Bd3 c5 7. O-O cxd4 8. exd4
b6 9. Bb2 Bb7 10. Qe2 Nc6 11. Nbd2 Rc8 12. Rad1 Re8 13. Rfe1 Bf8 14. a3 g6 15.
Qe3 Bg7 16. Ne5 dxc4 17. bxc4 Nxe5 18. dxe5 Nd7 19. c5 Nxc5 20. Bb5 Rf8 21. Ne4
Qh4 22. Nd6 Rc7 23. Ne8 Rc8 24. Rd4 Qe7 25. Nf6+ Bxf6 26. exf6 Qxf6 27. Qh6 Qg7
28. Qxg7+ Kxg7 29. Ra4+ Kg8 30. Rxa7 Rfd8 31. Bf6 Rd2 32. f3 h6 33. Rc1 1/2-1/2

[Event "CCC 2021 GM"]
[Site "Ballerup"]
[Date "2021.08.07"]
[Round "6"]
[White "Nielsen, Viktor Haarmark"]
[Black "Blomqvist, Erik"]
[Result "0-1"]
[WhiteElo "2294"]
[BlackElo "2537"]
[PlyCount "100"]
[EventDate "2021.08.04"]
[EventType "tourn"]
[EventRounds "9"]
[EventCountry "DEN"]

1. e4 c5 2. Nf3 e6 3. d4 cxd4 4. Nxd4 Nc6 5. Nc3 a6 6. Be3 Nf6 7. Qf3 Bb4 8.
Nxc6 bxc6 9. Bd3 e5 10. Qg3 O-O 11. O-O Re8 12. Rad1 d6 13. Bg5 Qe7 14. Na4 Rb8
15. a3 Ba5 16. f4 exf4 17. Rxf4 Qa7+ 18. Qf2 Qxf2+ 19. Rxf2 Nxe4 20. Bxe4 Rxe4
21. b4 Bc7 22. Bf4 Bg4 23. Rdd2 Rd8 24. h3 Be6 25. Bg3 Re3 26. Bf4 Rxa3 27. Nc5
dxc5 28. Bxc7 Rxd2 29. Rxd2 h5 30. bxc5 Rc3 31. Bb6 f6 32. Kf2 Bf5 33. h4 Kf7
34. Re2 Rc4 35. g3 Bxc2 36. Re3 Ra4 37. Bd8 Be4 38. Rb3 Kg6 39. Rb7 Bd5 40. Bc7
Kf5 41. Ra7 g5 42. Ra8 Kg4 43. Rf8 gxh4 44. gxh4 f5 45. Rf6 f4 46. Rg6+ Kxh4
47. Bd8+ Kh3 48. Rg5 Ra2+ 49. Kf1 f3 50. Rxh5+ Kg4 0-1

[Event "CCC 2021 GM"]
[Site "Ballerup"]
[Date "2021.08.07"]
[Round "6"]
[White "Ochsner, Bjorn Moller"]
[Black "Haubro, Martin"]
[Result "0-1"]
[WhiteElo "2505"]
[BlackElo "2410"]
[PlyCount "112"]
[EventDate "2021.08.04"]
[EventType "tourn"]
[EventRounds "9"]
[EventCountry "DEN"]

1. e4 e5 2. Nf3 Nc6 3. Bb5 a6 4. Ba4 Nf6 5. O-O Be7 6. Re1 b5 7. Bb3 d6 8. c3
O-O 9. h3 Nb8 10. d4 Nbd7 11. Nbd2 Bb7 12. Bc2 Re8 13. a4 Bf8 14. b4 Nb6 15. a5
Nbd7 16. Bb2 g6 17. Rb1 Bg7 18. c4 c5 19. bxc5 dxc5 20. dxe5 Nh5 21. Qe2 Bc6
22. Qe3 Bh8 23. g4 Ng7 24. Nf1 Qxa5 25. Ng3 Ne6 26. Nf5 Qc7 27. Nd6 Red8 28.
Rbd1 Nxe5 29. Nxe5 Rxd6 30. f4 Nd4 31. Bxd4 cxd4 32. Rxd4 Rxd4 33. Qxd4 Re8 34.
cxb5 Bxb5 35. Ba4 Rxe5 36. fxe5 Bxe5 37. Qd1 Qc3 38. Bxb5 Qg3+ 39. Kf1 Qxh3+
40. Ke2 Qxg4+ 41. Kd3 Qxd1+ 42. Rxd1 axb5 43. Rb1 f6 44. Rxb5 Kg7 45. Rb7+ Kh6
46. Ke3 g5 47. Rd7 g4 48. Rd8 Kg7 49. Rd7+ Kg6 50. Rd8 h5 51. Rh8 Kg5 52. Rg8+
Kh4 53. Kf2 Kh3 54. Rh8 h4 55. Rd8 Kh2 56. Rd2 h3 0-1

[Event "CCC 2021 GM"]
[Site "Ballerup"]
[Date "2021.08.07"]
[Round "6"]
[White "Olsen, Filip Boe"]
[Black "Brynell, Stellan"]
[Result "0-1"]
[WhiteElo "2397"]
[BlackElo "2422"]
[PlyCount "68"]
[EventDate "2021.08.04"]
[EventType "tourn"]
[EventRounds "9"]
[EventCountry "DEN"]

1. d4 Nf6 2. c4 e6 3. Nf3 b6 4. a3 Bb7 5. Nc3 Ne4 6. Bd2 Be7 7. d5 Nxd2 8. Qxd2
O-O 9. e3 a5 10. Rd1 Na6 11. Be2 Nc5 12. O-O a4 13. Rfe1 Bf6 14. Qc2 Re8 15.
Bf1 d6 16. h3 Qe7 17. Nd4 g6 18. Ndb5 Bg7 19. Rd2 e5 20. Na2 f5 21. Nb4 Rf8 22.
Be2 Rf7 23. Nc3 Bh6 24. Rdd1 Bc8 25. Nd3 Bd7 26. Nxc5 bxc5 27. b4 axb3 28. Qxb3
f4 29. exf4 Rxf4 30. Bd3 Bxh3 31. gxh3 Qg5+ 32. Kh1 Rxf2 33. Rg1 Qe3 34. Bf1
Rxf1 0-1

[Event "CCC 2021 GM"]
[Site "Ballerup"]
[Date "2021.08.07"]
[Round "6"]
[White "Hector, Jonny"]
[Black "Jacobsen, Mikkel Manosri"]
[Result "1-0"]
[WhiteElo "2465"]
[BlackElo "2309"]
[PlyCount "87"]
[EventDate "2021.08.04"]
[EventType "tourn"]
[EventRounds "9"]
[EventCountry "DEN"]

1. e4 c5 2. Nc3 e6 3. Nf3 Nf6 4. d4 d5 5. Bg5 dxe4 6. Nxe4 cxd4 7. Bxf6 gxf6 8.
Bb5+ Bd7 9. Bxd7+ Nxd7 10. Qxd4 Qa5+ 11. c3 O-O-O 12. Rd1 f5 13. Qxh8 fxe4 14.
Rxd7 Kxd7 15. Ne5+ Ke8 16. O-O Qc7 17. Ng4 Qf4 18. h3 f5 19. Ne3 Rd7 20. Qf6
Qh6 21. Qe5 Be7 22. Qb8+ Bd8 23. Qxa7 f4 24. Ng4 Qg5 25. Qa4 Qf5 26. Re1 h5 27.
Nh2 e3 28. fxe3 Bb6 29. Nf3 Bxe3+ 30. Kh1 b5 31. Qa8+ Rd8 32. Qc6+ Ke7 33. a4
bxa4 34. Qxa4 e5 35. Qa5 Re8 36. Qxe5+ Qxe5 37. Nxe5 Kd6 38. Nc4+ Kd5 39. b3 h4
40. g3 hxg3 41. Kg2 Ke4 42. Nd6+ Kd3 43. Nxe8 Kd2 44. Rf1 1-0

[Event "CCC 2021 GM"]
[Site "Ballerup"]
[Date "2021.08.07"]
[Round "6"]
[White "Vasli, Aref"]
[Black "Antonsen, Mikkel"]
[Result "1/2-1/2"]
[WhiteElo "2386"]
[BlackElo "2407"]
[PlyCount "79"]
[EventDate "2021.08.04"]
[EventType "tourn"]
[EventRounds "9"]
[EventCountry "DEN"]

1. e4 e5 2. Nf3 Nc6 3. Bb5 a6 4. Ba4 Nf6 5. O-O Bc5 6. d3 b5 7. Bb3 d6 8. c3
O-O 9. h3 h6 10. Re1 Bb6 11. a4 Rb8 12. axb5 axb5 13. Nbd2 Ne7 14. Nf1 Ng6 15.
Ng3 Re8 16. d4 Bb7 17. Bc2 Ra8 18. Rb1 c5 19. d5 c4 20. b3 Ra2 21. bxc4 bxc4
22. Nf5 Bc8 23. Be3 Ba5 24. Rb8 Bc7 25. Qb1 Ra5 26. Bb6 Bxb6 27. Qxb6 Qxb6 28.
Rxb6 Bxf5 29. exf5 Nf4 30. Rxd6 e4 31. Nd4 N4xd5 32. Rc6 Ra3 33. Rxc4 Rxc3 34.
Rxc3 Nxc3 35. Ne2 Ncd5 36. Ng3 e3 37. f3 Rb8 38. Be4 Rb2 39. Ne2 Kf8 40. g3
1/2-1/2

[Event "CCC 2021 GM"]
[Site "Ballerup"]
[Date "2021.08.07"]
[Round "7"]
[White "Jacobsen, Mikkel Manosri"]
[Black "Nielsen, Viktor Haarmark"]
[Result "1/2-1/2"]
[WhiteElo "2309"]
[BlackElo "2294"]
[PlyCount "62"]
[EventDate "2021.08.04"]
[EventType "tourn"]
[EventRounds "9"]
[EventCountry "DEN"]

1. c4 Nf6 2. Nc3 d5 3. cxd5 Nxd5 4. g3 g6 5. Bg2 Nxc3 6. bxc3 c5 7. Rb1 Qc7 8.
Qa4+ Nd7 9. Nh3 Bg7 10. Nf4 e6 11. O-O O-O 12. Ba3 a6 13. d4 Rb8 14. dxc5 Nxc5
15. Qc4 b6 16. Nd3 Bd7 17. Nxc5 Bb5 18. Qf4 Qxf4 19. gxf4 bxc5 20. Bxc5 Rfd8
21. Be7 Rd7 22. c4 Rxe7 23. a4 e5 24. fxe5 Rxe5 25. e3 Rc5 26. cxb5 axb5 27. a5
b4 28. a6 Ra5 29. Bb7 b3 30. Rxb3 Rxa6 31. Bxa6 Rxb3 1/2-1/2

[Event "CCC 2021 GM"]
[Site "Ballerup"]
[Date "2021.08.07"]
[Round "7"]
[White "Blomqvist, Erik"]
[Black "Ochsner, Bjorn Moller"]
[Result "1/2-1/2"]
[WhiteElo "2537"]
[BlackElo "2505"]
[PlyCount "72"]
[EventDate "2021.08.04"]
[EventType "tourn"]
[EventRounds "9"]
[EventCountry "DEN"]

1. e4 c5 2. Nf3 d6 3. Bb5+ Bd7 4. Bxd7+ Nxd7 5. O-O Ngf6 6. Qe2 e6 7. d4 cxd4
8. Nxd4 a6 9. c4 Qa5 10. Nc3 Rc8 11. Be3 Be7 12. Rac1 O-O 13. f4 Rfe8 14. g4
Nc5 15. Bf2 Bf8 16. Qf3 e5 17. fxe5 dxe5 18. Nf5 Ne6 19. h4 Nf4 20. g5 Nd7 21.
Rcd1 Nc5 22. a3 Nce6 23. Nd5 Rxc4 24. Nh6+ gxh6 25. Nf6+ Kh8 26. Nxe8 hxg5 27.
Nd6 Bxd6 28. Rxd6 Qc7 29. Rfd1 Nd4 30. R6xd4 exd4 31. hxg5 d3 32. Be3 Ne2+ 33.
Kg2 Rc2 34. Kh3 Qd7+ 35. Qf5 Qc7 36. e5 d2 1/2-1/2

[Event "CCC 2021 GM"]
[Site "Ballerup"]
[Date "2021.08.07"]
[Round "7"]
[White "Haubro, Martin"]
[Black "Olsen, Filip Boe"]
[Result "1/2-1/2"]
[WhiteElo "2410"]
[BlackElo "2397"]
[PlyCount "87"]
[EventDate "2021.08.04"]
[EventType "tourn"]
[EventRounds "9"]
[EventCountry "DEN"]

1. e4 c5 2. Nf3 d6 3. d4 cxd4 4. Nxd4 Nf6 5. Nc3 a6 6. Be3 e5 7. Nb3 Be6 8. f3
h5 9. Qd2 Nbd7 10. Nd5 Bxd5 11. exd5 b6 12. Be2 g6 13. O-O Bg7 14. c4 O-O 15.
Nc1 a5 16. Nd3 Nh7 17. Rab1 f5 18. b4 axb4 19. Rxb4 f4 20. Bf2 Ng5 21. Kh1 Ra3
22. Rb3 Qa8 23. Qb4 Rxb3 24. axb3 e4 25. Nc1 Qb8 26. Bh4 exf3 27. gxf3 Nf7 28.
Rg1 Nde5 29. Bf2 Qc8 30. Qd2 g5 31. Bxb6 Qf5 32. Nd3 Rb8 33. Nxe5 Nxe5 34. Bc7
Rxb3 35. Qd1 Rc3 36. Bxd6 Nxc4 37. Bxc4 Rxc4 38. Qe2 Qxd5 39. Qe8+ Kh7 40.
Qxh5+ Bh6 41. Be7 Rc3 42. Bxg5 Qxf3+ 43. Qxf3 Rxf3 44. Bxh6 1/2-1/2

[Event "CCC 2021 GM"]
[Site "Ballerup"]
[Date "2021.08.07"]
[Round "7"]
[White "Brynell, Stellan"]
[Black "Vasli, Aref"]
[Result "1/2-1/2"]
[WhiteElo "2422"]
[BlackElo "2386"]
[PlyCount "69"]
[EventDate "2021.08.04"]
[EventType "tourn"]
[EventRounds "9"]
[EventCountry "DEN"]

1. d4 Nf6 2. Nf3 g6 3. g3 Bg7 4. Bg2 O-O 5. O-O d5 6. c4 Nc6 7. cxd5 Nxd5 8. e4
Nb6 9. d5 Na5 10. Nc3 Re8 11. Qc2 c6 12. Rd1 Bd7 13. Bf4 Qc8 14. Rac1 cxd5 15.
exd5 Nac4 16. b3 Nd6 17. Qd2 Qd8 18. Re1 Rc8 19. Be5 Bf8 20. h3 e6 21. dxe6
Rxe6 22. Ng5 Re8 23. Bxd6 Bxd6 24. Qxd6 Qxg5 25. h4 Rxe1+ 26. Rxe1 Qc5 27. Qxc5
Rxc5 28. Ne4 Rc7 29. Nf6+ Kg7 30. Nxd7 Rxd7 31. Bf3 Nc8 32. Rc1 Ne7 33. Kg2 f5
34. Rc2 Ng8 35. Rc8 1/2-1/2

[Event "CCC 2021 GM"]
[Site "Ballerup"]
[Date "2021.08.07"]
[Round "7"]
[White "Antonsen, Mikkel"]
[Black "Hector, Jonny"]
[Result "1/2-1/2"]
[WhiteElo "2407"]
[BlackElo "2465"]
[PlyCount "85"]
[EventDate "2021.08.04"]
[EventType "tourn"]
[EventRounds "9"]
[EventCountry "DEN"]

1. d4 d5 2. c4 c6 3. Nf3 Nf6 4. e3 Bf5 5. Nc3 e6 6. Nh4 Be7 7. Nxf5 exf5 8.
cxd5 cxd5 9. Bd3 g6 10. O-O Nc6 11. a3 Bd6 12. h3 Rc8 13. g4 fxg4 14. hxg4 h5
15. g5 Ng4 16. f4 Bb8 17. Qb3 Ne7 18. Qxb7 O-O 19. Bd2 f6 20. gxf6 Rxf6 21. Na4
Bd6 22. Rac1 Rb8 23. Qxa7 Rb3 24. Rc3 Bb8 25. Qa8 Rxc3 26. Nxc3 Re6 27. Rf3 Kg7
28. Rh3 Qb6 29. b4 Nxe3 30. Na4 Qd6 31. Nc5 Nc4 32. Bxc4 dxc4 33. Nxe6+ Qxe6
34. Re3 Qg4+ 35. Qg2 Qd7 36. Rxe7+ Qxe7 37. f5 Qf6 38. Qxg6+ Qxg6+ 39. fxg6
Kxg6 40. a4 Ba7 41. a5 Bxd4+ 42. Kg2 c3 43. Bxc3 1/2-1/2

[Event "CCC 2021 GM"]
[Site "Ballerup"]
[Date "2021.08.08"]
[Round "8"]
[White "Nielsen, Viktor Haarmark"]
[Black "Antonsen, Mikkel"]
[Result "1/2-1/2"]
[WhiteElo "2294"]
[BlackElo "2407"]
[PlyCount "102"]
[EventDate "2021.08.04"]
[EventType "tourn"]
[EventRounds "9"]
[EventCountry "DEN"]

1. e4 e5 2. Nf3 Nc6 3. Bc4 Nf6 4. d3 Bc5 5. O-O d6 6. a4 a6 7. c3 Ba7 8. Na3 h6
9. Nc2 O-O 10. Be3 d5 11. exd5 Nxd5 12. Bxa7 Rxa7 13. Re1 Bg4 14. Ne3 Nxe3 15.
Rxe3 Qd6 16. h3 Bh5 17. Qe2 b5 18. axb5 axb5 19. Rxa7 Nxa7 20. Bb3 Nc6 21. Qe1
Na5 22. Ba2 Bxf3 23. Rxf3 b4 24. d4 b3 25. Bb1 Nc4 26. Qe2 e4 27. Qxe4 g6 28.
Qe2 Qe6 29. Qxe6 fxe6 30. Rxf8+ Kxf8 31. Kf1 g5 32. Ke2 Nxb2 33. Kd2 Ke7 34. c4
Na4 35. c5 e5 36. Kd3 Ke6 37. Kc4 exd4 38. Kxd4 Nb2 39. Be4 Nd1 40. Bd5+ Kf6
41. Bxb3 Nxf2 42. Ke3 Nh1 43. Kf3 h5 44. g3 h4 45. gxh4 gxh4 46. Kg4 Nf2+ 47.
Kxh4 c6 48. Ba4 Ke5 49. Bxc6 Kd4 50. Kg3 Nxh3 51. Kxh3 Kxc5 1/2-1/2

[Event "CCC 2021 GM"]
[Site "Ballerup"]
[Date "2021.08.08"]
[Round "8"]
[White "Ochsner, Bjorn Moller"]
[Black "Jacobsen, Mikkel Manosri"]
[Result "1/2-1/2"]
[WhiteElo "2505"]
[BlackElo "2309"]
[PlyCount "68"]
[EventDate "2021.08.04"]
[EventType "tourn"]
[EventRounds "9"]
[EventCountry "DEN"]

1. e4 c6 2. d4 d5 3. e5 c5 4. dxc5 e6 5. a3 Bxc5 6. Nf3 Nc6 7. b4 Bb6 8. Bd3
Nge7 9. Bb2 Ng6 10. O-O O-O 11. Re1 f6 12. Bxg6 hxg6 13. Qd3 Nxe5 14. Bxe5 fxe5
15. Rxe5 Rxf3 16. gxf3 Qf6 17. Qc3 Bd7 18. Ra2 Rc8 19. Qe1 Bc7 20. Re3 Bxh2+
21. Kxh2 Qh4+ 22. Kg1 Qg5+ 23. Kh2 Kf7 24. f4 Rh8+ 25. Rh3 Rxh3+ 26. Kxh3 e5+
27. Kh2 Qxf4+ 28. Kg2 Qg4+ 29. Kh2 Qh5+ 30. Kg1 Qg4+ 31. Kh2 Qh3+ 32. Kg1 Qg4+
33. Kh2 Qh4+ 34. Kg1 Qg4+ 1/2-1/2

[Event "CCC 2021 GM"]
[Site "Ballerup"]
[Date "2021.08.08"]
[Round "8"]
[White "Olsen, Filip Boe"]
[Black "Blomqvist, Erik"]
[Result "1/2-1/2"]
[WhiteElo "2397"]
[BlackElo "2537"]
[PlyCount "68"]
[EventDate "2021.08.04"]
[EventType "tourn"]
[EventRounds "9"]
[EventCountry "DEN"]

1. d4 d5 2. c4 e6 3. Nf3 Nf6 4. g3 Bb4+ 5. Bd2 a5 6. Bg2 O-O 7. O-O Be7 8. Bf4
c6 9. Nc3 Nbd7 10. Ne5 Nxe5 11. Bxe5 dxc4 12. e4 Nd7 13. Bf4 e5 14. dxe5 g5 15.
e6 fxe6 16. Be3 Ne5 17. Qe2 g4 18. Bf4 Nf3+ 19. Bxf3 gxf3 20. Qxc4 b5 21. Qxc6
Bd7 22. Qb7 Qe8 23. Kh1 b4 24. Nd1 Bb5 25. Rg1 Bc5 26. Qc7 Bd4 27. Ne3 Qg6 28.
Rad1 Bxb2 29. Qb6 Ba4 30. Rd6 Rfb8 31. Qc7 Rc8 32. Qb6 Rcb8 33. Qc7 Rc8 34. Qb6
Rcb8 1/2-1/2

[Event "CCC 2021 GM"]
[Site "Ballerup"]
[Date "2021.08.08"]
[Round "8"]
[White "Brynell, Stellan"]
[Black "Haubro, Martin"]
[Result "1-0"]
[WhiteElo "2422"]
[BlackElo "2410"]
[PlyCount "83"]
[EventDate "2021.08.04"]
[EventType "tourn"]
[EventRounds "9"]
[EventCountry "DEN"]

1. d4 d5 2. Nf3 e6 3. c4 a6 4. Bg5 Be7 5. Bxe7 Nxe7 6. Nbd2 Nd7 7. g3 dxc4 8.
Nxc4 b5 9. Na5 c5 10. Qd2 Qb6 11. dxc5 Nxc5 12. b4 Nb7 13. Bg2 O-O 14. Qd4 Qa7
15. Nxb7 Bxb7 16. O-O Qxd4 17. Nxd4 Bxg2 18. Kxg2 Nd5 19. a3 a5 20. bxa5 Rxa5
21. Rfb1 Nc7 22. Rb3 g6 23. Rc1 Ra7 24. Rbc3 Ra4 25. e3 Nd5 26. Rb3 b4 27. axb4
Rxb4 28. Rxb4 Nxb4 29. Rc7 Nd5 30. Ra7 Rc8 31. Nb5 Rc5 32. Nd6 Nc7 33. Ne4 Rc2
34. Nf6+ Kh8 35. g4 h6 36. h4 g5 37. h5 Rc6 38. Kf3 e5 39. Nd7 f6 40. Ke4 Kg7
41. Nb8 Rc4+ 42. Kd3 1-0

[Event "CCC 2021 GM"]
[Site "Ballerup"]
[Date "2021.08.08"]
[Round "8"]
[White "Vasli, Aref"]
[Black "Hector, Jonny"]
[Result "1-0"]
[WhiteElo "2386"]
[BlackElo "2465"]
[PlyCount "81"]
[EventDate "2021.08.04"]
[EventType "tourn"]
[EventRounds "9"]
[EventCountry "DEN"]

1. e4 e5 2. Nf3 Nc6 3. Bb5 a6 4. Ba4 Nf6 5. d3 d6 6. c3 Be7 7. O-O O-O 8. Re1
Nd7 9. d4 Bf6 10. h3 b5 11. Bb3 Nb6 12. dxe5 Nxe5 13. Nxe5 Bxe5 14. Nd2 Bb7 15.
Nf3 Bf6 16. Be3 Nc4 17. Bd4 Re8 18. Qd3 Nxb2 19. Qb1 Na4 20. Bxa4 c5 21. Bxf6
Qxf6 22. Re3 d5 23. e5 Qh6 24. Bc2 Rad8 25. Qb2 Qb6 26. Rd1 a5 27. a3 h6 28.
Bb1 Bc8 29. Qc2 g6 30. Qc1 Be6 31. Ree1 Kh7 32. Qf4 Qc7 33. h4 Qe7 34. h5 Rg8
35. Qf6 Rd7 36. Nh4 Qe8 37. f4 Bg4 38. e6 Bxd1 39. hxg6+ fxg6 40. Nxg6 Rdg7 41.
Nf8+ 1-0

[Event "CCC 2021 GM"]
[Site "Ballerup"]
[Date "2021.08.08"]
[Round "9"]
[White "Hector, Jonny"]
[Black "Nielsen, Viktor Haarmark"]
[Result "1/2-1/2"]
[WhiteElo "2465"]
[BlackElo "2294"]
[PlyCount "114"]
[EventDate "2021.08.04"]
[EventType "tourn"]
[EventRounds "9"]
[EventCountry "DEN"]

1. e4 e5 2. Nf3 Nc6 3. Bc4 Bc5 4. c3 Nf6 5. d3 a6 6. Bb3 Ba7 7. O-O O-O 8. Be3
d6 9. Nbd2 Ne7 10. Bxa7 Rxa7 11. Nh4 Ng6 12. Nxg6 hxg6 13. f4 exf4 14. Rxf4 Qe7
15. Qe1 g5 16. Rf1 c5 17. Nf3 Nh7 18. Qg3 b5 19. Rae1 Be6 20. e5 d5 21. Bc2 d4
22. cxd4 cxd4 23. Nxd4 Qc5 24. Qf2 Bxa2 25. b3 Rc7 26. Re4 Rd8 27. e6 Nf6 28.
e7 Re8 29. Bd1 Rexe7 30. Rxe7 Rxe7 31. Nf5 Qxf2+ 32. Kxf2 Rd7 33. Bc2 Nd5 34.
Ke2 Nb4 35. Ra1 g6 36. Ng3 Nxc2 37. Rxa2 Nd4+ 38. Ke3 Nxb3 39. Rxa6 Rxd3+ 40.
Kxd3 Nc5+ 41. Kc3 Nxa6 42. Ne4 g4 43. Nf6+ Kg7 44. Nxg4 g5 45. Ne3 Kf6 46. Kd4
b4 47. g3 b3 48. Kc3 Nc5 49. h4 gxh4 50. gxh4 Kg6 51. Nc4 f5 52. Kb4 f4 53.
Kxc5 Kh5 54. Kb4 b2 55. Nxb2 f3 56. Nd3 f2 57. Nxf2 Kxh4 1/2-1/2

[Event "CCC 2021 GM"]
[Site "Ballerup"]
[Date "2021.08.08"]
[Round "9"]
[White "Antonsen, Mikkel"]
[Black "Ochsner, Bjorn Moller"]
[Result "1/2-1/2"]
[WhiteElo "2407"]
[BlackElo "2505"]
[PlyCount "60"]
[EventDate "2021.08.04"]
[EventType "tourn"]
[EventRounds "9"]
[EventCountry "DEN"]

1. c4 e5 2. Nf3 e4 3. Nd4 Nf6 4. Nc3 Nc6 5. e3 Bc5 6. Nxc6 dxc6 7. d4 exd3 8.
Bxd3 Bg4 9. Be2 Qxd1+ 10. Bxd1 Bb4 11. Bd2 O-O-O 12. f3 Be6 13. Be2 Nd7 14. Nd1
Bxd2+ 15. Kxd2 Rhe8 16. Kc3 f5 17. Re1 Nc5 18. Nf2 Re7 19. Nd3 Nd7 20. Bf1 Bf7
21. e4 fxe4 22. Rxe4 Rxe4 23. fxe4 Re8 24. Re1 Ne5 25. Nxe5 Rxe5 26. g3 Be6 27.
Kd4 Rg5 28. e5 Kd7 29. Bd3 h6 30. a3 Ke7 1/2-1/2

[Event "CCC 2021 GM"]
[Site "Ballerup"]
[Date "2021.08.08"]
[Round "9"]
[White "Jacobsen, Mikkel Manosri"]
[Black "Olsen, Filip Boe"]
[Result "1/2-1/2"]
[WhiteElo "2309"]
[BlackElo "2397"]
[PlyCount "71"]
[EventDate "2021.08.04"]
[EventType "tourn"]
[EventRounds "9"]
[EventCountry "DEN"]

1. d4 Nf6 2. Nc3 d5 3. Bg5 Nbd7 4. Nf3 h6 5. Bh4 e6 6. e3 Be7 7. Be2 c5 8. O-O
O-O 9. Ne5 Nxe5 10. dxe5 Nd7 11. Bxe7 Qxe7 12. f4 f6 13. exf6 Nxf6 14. Bf3 Bd7
15. Qe2 Bc6 16. Rad1 Rad8 17. e4 d4 18. e5 Bxf3 19. exf6 Qxf6 20. Rxf3 dxc3 21.
Rxd8 Rxd8 22. bxc3 Rd6 23. g3 Qd8 24. Rd3 Rxd3 25. Qxe6+ Kh8 26. cxd3 Qxd3 27.
Qc8+ Kh7 28. Qxc5 Qb1+ 29. Kg2 Qxa2+ 30. Kh3 Qe6+ 31. f5 Qf6 32. Qxa7 Qxf5+ 33.
Kg2 Qc2+ 34. Kh3 Qxc3 35. Qxb7 Qf6 36. Kg2 1/2-1/2

[Event "CCC 2021 GM"]
[Site "Ballerup"]
[Date "2021.08.08"]
[Round "9"]
[White "Blomqvist, Erik"]
[Black "Brynell, Stellan"]
[Result "1-0"]
[WhiteElo "2537"]
[BlackElo "2422"]
[PlyCount "103"]
[EventDate "2021.08.04"]
[EventType "tourn"]
[EventRounds "9"]
[EventCountry "DEN"]

1. e4 e6 2. d4 d5 3. Nd2 c5 4. Ngf3 Nc6 5. exd5 exd5 6. Bb5 Bd6 7. dxc5 Bxc5 8.
O-O Nge7 9. Nb3 Bb6 10. c3 O-O 11. Re1 Bg4 12. Be3 Re8 13. h3 Bh5 14. Nbd4 Bc7
15. Be2 a6 16. Qd2 Qd6 17. g3 Qd7 18. Bf1 Rad8 19. Bg2 Bg6 20. Nxc6 Nxc6 21.
Nd4 Ne5 22. b3 Ba5 23. Bf4 Nd3 24. Rxe8+ Rxe8 25. Be3 Bb6 26. Rd1 Be4 27. Nc2
Bc7 28. Bd4 Qe6 29. Ne3 Be5 30. Bf1 Bxd4 31. cxd4 Bf3 32. Qxd3 Bxd1 33. Qxd1 h6
34. Bg2 Rd8 35. h4 b5 36. h5 b4 37. Bf3 a5 38. Kg2 Qc6 39. Qd3 Qc3 40. Qb5 Qxd4
41. Qxa5 Re8 42. Nxd5 Qa1 43. Nxb4 Re1 44. Qd8+ Kh7 45. Qd3+ g6 46. hxg6+ fxg6
47. Nc2 Rg1+ 48. Kh2 Qb1 49. Qd7+ Kh8 50. Qe8+ Kg7 51. Qe7+ Kh8 52. Bd5 1-0

[Event "CCC 2021 GM"]
[Site "Ballerup"]
[Date "2021.08.08"]
[Round "9"]
[White "Haubro, Martin"]
[Black "Vasli, Aref"]
[Result "1-0"]
[WhiteElo "2410"]
[BlackElo "2386"]
[PlyCount "93"]
[EventDate "2021.08.04"]
[EventType "tourn"]
[EventRounds "9"]
[EventCountry "DEN"]

1. e4 c5 2. Nf3 d6 3. d4 cxd4 4. Nxd4 Nf6 5. Nc3 g6 6. Be3 Bg7 7. f3 O-O 8. Qd2
Nc6 9. O-O-O Bd7 10. Kb1 Rc8 11. h4 h5 12. Bh6 Nxd4 13. Bxg7 Kxg7 14. Qxd4 Qa5
15. Nd5 Qc5 16. Qxc5 Rxc5 17. Nxe7 Re8 18. b4 Rxc2 19. Kxc2 Ba4+ 20. Kd2 Bxd1
21. Nxg6 Bxf3 22. gxf3 fxg6 23. Bd3 d5 24. e5 Rxe5 25. Rg1 d4 26. Bxg6 Kf8 27.
Rc1 Kg7 28. Bd3 Kf7 29. Rc7+ Re7 30. Bc4+ Ke8 31. Rxe7+ Kxe7 32. Kd3 Kd6 33.
Kxd4 b6 34. b5 Ne8 35. Bf7 Ng7 36. Ke4 Ke7 37. Bc4 Kf6 38. Kd5 Nf5 39. Kc6 Nxh4
40. Kb7 Nf5 41. Kxa7 Ne3 42. Bd3 Ke5 43. Kxb6 h4 44. Kc5 h3 45. b6 h2 46. b7
h1=Q 47. b8=Q+ 1-0